[Event "Australian op"]
[Site "Cammeray"]
[Date "2013.01.04"]
[Round "3"]
[White "Webster, David"]
[Black "Sukandar, Irine Kharisma"]
[Result "0-1"]
[WhiteElo "2017"]
[BlackElo "2362"]
[PlyCount "36"]
[EventDate "2013.01.02"]
[EventType "swiss"]
[EventRounds "11"]
[EventCountry "AUS"]
[SourceTitle "CBM 152 Extra"]
[Source "ChessBase"]
[SourceDate "2013.02.25"]
[SourceVersion "1"]
[SourceVersionDate "2013.02.25"]
[SourceQuality "1"]

1. e4 c5 2. Nf3 e6 3. d3 Nc6 4. g3 g6 5. Bg2 Bg7 6. Nbd2 Nge7 7. 0-0 d5 8. Re1 b6 9. c3 0-0 10. exd5 Nxd5 11. Nc4 Qc7 12. Ng5 h6 13. Ne4 Rd8 14. Qf3 Bb7 15. Rd1 f5 16. Ned2 b5 17. Na3 b4 18. cxb4 Nd4 0-1

[Event "Australian op"]
[Site "Cammeray"]
[Date "2013.01.02"]
[Round "1"]
[White "Louie, Jared"]
[Black "Webster, David"]
[Result "0-1"]
[WhiteElo "1735"]
[BlackElo "2017"]
[PlyCount "72"]
[EventDate "2013.01.02"]
[EventType "swiss"]
[EventRounds "11"]
[EventCountry "AUS"]
[SourceTitle "CBM 152 Extra"]
[Source "ChessBase"]
[SourceDate "2013.02.25"]
[SourceVersion "1"]
[SourceVersionDate "2013.02.25"]
[SourceQuality "1"]

1. d4 d5 2. c4 Bf5 3. Nc3 e6 4. e3 Nc6 5. a3 Nf6 6. Nf3 Be7 7. b3 Nb8 8. Be2 Nbd7 9. Bb2 Bg4 10. 0-0 0-0 11. Re1 Nb6 12. Ne5 Bxe2 13. Qxe2 c6 14. cxd5 exd5 15. Rac1 Bd6 16. f4 Qe7 17. b4 a6 18. Qf2 Rfc8 19. Nd3 Nc4 20. Rb1 Re8 21. Ne5 Nb6 22. Bc1 Qe6 23. h3 Ne4 24. Nxe4 dxe4 25. Qe2 Bxe5 26. dxe5 Rad8 27. Rd1 Qc4 28. Rd2 Qxe2 29. Rxe2 Rd1+ 30. Kf2 Red8 31. Reb2 Nc4 32. Rb3 R8d3 33. Rxd3 exd3 34. Rb3 d2 35. Rd3 dxc1Q 36. Rxd1 Qxd1 0-1

[Event "Doeberl Cup 50th"]
[Site "Canberra"]
[Date "2012.04.06"]
[Round "4"]
[White "Chan, Yi Ren Daniel"]
[Black "Webster, David"]
[Result "1-0"]
[WhiteElo "2342"]
[BlackElo "1944"]
[PlyCount "123"]
[EventDate "2012.04.05"]
[EventType "swiss"]
[EventRounds "9"]
[EventCountry "AUS"]
[SourceTitle "CBM 147 Extra"]
[Source "ChessBase"]
[SourceDate "2012.04.24"]
[SourceVersion "1"]
[SourceVersionDate "2012.04.24"]
[SourceQuality "1"]

1. e4 c5 2. Ne2 Nc6 3. Nbc3 d6 4. d4 cxd4 5. Nxd4 e5 6. Ndb5 a6 7. Na3 b5 8. Nd5 Nf6 9. Bg5 Be7 10. Bxf6 Bxf6 11. c3 Bg5 12. Nc2 0-0 13. Nce3 Kh8 14. Bd3 Be6 15. 0-0 Ne7 16. a4 bxa4 17. Rxa4 a5 18. Qh5 Ng6 19. g3 Bh6 20. Nf5 Qg5 21. Qxg5 Bxg5 22. h4 Bxd5 23. exd5 Bf6 24. Rfa1 Ne7 25. Rxa5 Rxa5 26. Rxa5 Nxf5 27. Bxf5 g6 28. Bd3 Rb8 29. Ra2 h5 30. Kf1 Kg7 31. Ke2 g5 32. hxg5 Bxg5 33. b4 h4 34. gxh4 Bxh4 35. Ra7 Bf6 36. Kd2 Bd8 37. Rd7 Bg5+ 38. Kc2 Rb6 39. Kb3 Kf8 40. Ka4 Bd2 41. Rc7 Be1 42. f3 Rb8 43. Kb3 Ke8 44. Ba6 f5 45. Bb7 e4 46. fxe4 fxe4 47. Rh7 Kd8 48. Bc6 Bg3 49. Rd7+ Kc8 50. Rg7 Bf2 51. Bd7+ Kd8 52. Bf5 e3 53. Rd7+ Ke8 54. Rxd6 Kf7 55. Re6 Rh8 56. c4 Rh1 57. c5 Re1 58. c6 Bg3 59. Bg6+ Kg7 60. d6 e2 61. d7 Rc1 62. Bc2 1-0

[Event "Doeberl Cup Premier 50th"]
[Site "Canberra"]
[Date "2012.04.06"]
[Round "3"]
[White "Webster, David"]
[Black "Markovitz, Neil"]
[Result "1-0"]
[WhiteElo "1944"]
[BlackElo "2059"]
[PlyCount "127"]
[EventDate "2012.04.05"]
[EventType "swiss"]
[EventRounds "9"]
[EventCountry "AUS"]
[SourceTitle "EXT 2023"]
[Source "ChessBase"]
[SourceDate "2022.10.05"]
[SourceVersion "1"]
[SourceVersionDate "2022.10.05"]
[SourceQuality "1"]

1. e4 c5 2. Nf3 g6 3. d4 cxd4 4. Nxd4 Nc6 5. c4 Nf6 6. Nc3 d6 7. Be2 Nxd4 8. Qxd4 Bg7 9. Qd1 0-0 10. 0-0 Be6 11. Rb1 Rc8 12. b3 b5 13. Nxb5 Nxe4 14. Bb2 Bxb2 15. Rxb2 Qb6 16. Qd4 Qxd4 17. Nxd4 Bd7 18. Bf3 Ng5 19. Be2 a5 20. a3 Ne4 21. b4 Nc3 22. Rc1 Na4 23. Rd2 Rb8 24. c5 axb4 25. c6 Rfc8 26. Rdc2 b3 27. Nxb3 Bxc6 28. Ba6 Rd8 29. Nd4 Bb7 30. Bb5 Nc5 31. a4 e5 32. Nc6 Bxc6 33. Bxc6 Rb6 34. Bb5 Ra8 35. Rc4 Nb3 36. Rc8+ Rxc8 37. Rxc8+ Kg7 38. f3 Nd4 39. Be8 f5 40. Rc4 Rb1+ 41. Kf2 f4 42. a5 Rb2+ 43. Kf1 Nf5 44. Ra4 Ne3+ 45. Ke1 Nxg2+ 46. Kd1 Ne3+ 47. Ke1 d5 48. a6 e4 49. a7 Ng2+ 50. Kd1 e3 51. a8Q e2+ 52. Kc1 Rb1+ 53. Kxb1 e1Q+ 54. Kb2 Qe5+ 55. Kb3 Qe3+ 56. Kb4 Qd2+ 57. Kc5 Ne3 58. Qd8 Qc3+ 59. Kb5 Qd3+ 60. Kc6 Qc2+ 61. Kb7 Qb3+ 62. Ka8 Nf5 63. Ra7+ Kh6 64. Qc7 1-0

[Event "Sydney op-B"]
[Site "Parramatta"]
[Date "2010.04.07"]
[Round "1"]
[White "Nakauchi, Ray"]
[Black "Webster, David"]
[Result "0-1"]
[WhiteElo "476"]
[BlackElo "1812"]
[PlyCount "164"]
[EventDate "2010.04.07"]
[EventType "swiss"]
[EventRounds "9"]
[EventCountry "AUS"]
[SourceTitle "EXT 2012"]
[Source "ChessBase"]
[SourceDate "2011.11.24"]
[SourceVersion "1"]
[SourceVersionDate "2011.11.24"]
[SourceQuality "1"]

1. d4 d5 2. c4 e6 3. Nf3 Nf6 4. e3 Nbd7 5. a3 a5 6. Bd2 c6 7. Nc3 Bd6 8. Be2 0-0 9. 0-0 e5 10. dxe5 Nxe5 11. cxd5 Nxd5 12. Nxd5 cxd5 13. Bc3 Ng6 14. Qd4 f6 15. Qxd5+ Kh8 16. Qd4 Qe7 17. Bd3 Rd8 18. Qe4 Be6 19. Nh4 Nf8 20. Rad1 Qc7 21. f4 Bg4 22. Rc1 Qd7 23. f5 Bh5 24. Rce1 Bxh2+ 25. Kxh2 Qxd3 26. Qxb7 Nd7 27. Bd4 Rab8 28. Qc7 Qb5 29. Rb1 Rbc8 30. Qg3 Nc5 31. Bxc5 Rxc5 32. b4 axb4 33. axb4 Re5 34. Rfc1 Rde8 35. Rc7 R5e7 36. Rxe7 Rxe7 37. Qd6 Qe5+ 38. Qxe5 Rxe5 39. b5 Re8 40. b6 Bf7 41. e4 Rb8 42. Nf3 Bc4 43. Rb4 Ba6 44. Rd4 Bb7 45. Nd2 Kg8 46. Nc4 Ba6 47. g4 Bxc4 48. Rxc4 Rxb6 49. Rc3 Rb4 50. Re3 Kf7 51. g5 fxg5 52. e5 Rf4 53. e6+ Ke7 54. Re5 Rg4 55. Rb5 Re4 56. Rb7+ Kf6 57. Rb5 g6 58. fxg6 Kxg6 59. e7 Rxe7 60. Rb6+ Kf5 61. Rb2 g4 62. Rf2+ Kg5 63. Kg2 Kh4 64. Rf4 Re2+ 65. Kf1 Ra2 66. Kg1 Kg3 67. Rf5 Ra1+ 68. Rf1 Rxf1+ 69. Kxf1 Kh2 70. Kf2 g3+ 71. Kf3 g2 72. Kf4 g1Q 73. Ke5 Kg3 74. Ke4 Qf2 75. Kd3 Kf3 76. Kc4 Ke4 77. Kc3 Qe2 78. Kb4 Kd4 79. Kb3 Qd2 80. Ka4 Qb2 81. Ka5 Kc5 82. Ka4 Qb4# 0-1

[Event "FICGS W-ch st1 g13 email"]
[Site "FICGS email"]
[Date "2008.07.29"]
[Round "1"]
[White "Me, Gianantonio"]
[Black "Webster, David"]
[Result "1/2-1/2"]
[WhiteElo "1800"]
[BlackElo "1764"]
[PlyCount "25"]
[EventDate "2008.??.??"]
[EventType "tourn (corr)"]
[EventRounds "8"]
[SourceTitle "Corr 2022"]
[Source "ChessBase"]
[SourceDate "2021.10.24"]
[SourceVersion "1"]
[SourceVersionDate "2021.10.24"]
[SourceQuality "1"]

1. d4 Nf6 2. c4 e6 3. Nc3 Bb4 4. e3 0-0 5. Bd3 d5 6. cxd5 exd5 7. Nge2 Nc6 8. 0-0 Bd6 9. Bd2 Re8 10. h3 Nb4 11. Bb1 c5 12. dxc5 Bxc5 13. Qb3 1/2-1/2

[Event "FICGS rapid B 000092 email"]
[Site "FICGS email"]
[Date "2008.05.21"]
[Round "1"]
[White "Webster, David"]
[Black "Faust, Dieter"]
[Result "0-1"]
[WhiteElo "1749"]
[BlackElo "1716"]
[PlyCount "52"]
[EventDate "2008.??.??"]
[EventType "tourn (rapid)"]
[EventRounds "6"]
[SourceTitle "Corr 2022"]
[Source "ChessBase"]
[SourceDate "2021.10.24"]
[SourceVersion "1"]
[SourceVersionDate "2021.10.24"]
[SourceQuality "1"]

1. d4 d5 2. c4 c6 3. Nf3 dxc4 4. e4 b5 5. a4 e6 6. axb5 cxb5 7. Nc3 Bb4 8. Be2 Bb7 9. 0-0 Bxc3 10. bxc3 Bxe4 11. Ng5 Bd5 12. f4 h6 13. Nf3 Ne7 14. Ba3 0-0 15. Qb1 a6 16. Ne5 Nd7 17. Bb4 Nf6 18. Ra2 Be4 19. Qc1 Nfd5 20. Bc5 f6 21. Ng4 Re8 22. Nf2 Bg6 23. Re1 a5 24. Rb2 Qd7 25. Bf3 Nf5 26. g3 b4 0-1

[Event "FICGS rapid C 000047 email"]
[Site "FICGS email"]
[Date "2008.03.26"]
[Round "1"]
[White "Fioravanti, Diego"]
[Black "Webster, David"]
[Result "1/2-1/2"]
[WhiteElo "1569"]
[BlackElo "1671"]
[PlyCount "70"]
[EventDate "2008.??.??"]
[EventType "tourn (rapid)"]
[EventRounds "4"]
[SourceTitle "Corr 2022"]
[Source "ChessBase"]
[SourceDate "2021.10.24"]
[SourceVersion "1"]
[SourceVersionDate "2021.10.24"]
[SourceQuality "1"]

1. b3 d5 2. Bb2 Bg4 3. Nf3 Nd7 4. e3 e6 5. Be2 Ngf6 6. 0-0 Bd6 7. d3 0-0 8. Nbd2 c5 9. h3 Bh5 10. c4 Qb6 11. d4 Rfc8 12. Ne5 Bxe2 13. Qxe2 cxd4 14. Nxd7 Nxd7 15. Bxd4 Qa6 16. Rfd1 Rc7 17. Kf1 Rac8 18. a4 Bb4 19. cxd5 Qxe2+ 20. Kxe2 exd5 21. Nf3 Rc2+ 22. Kf1 a5 23. Ne1 Bxe1 24. Kxe1 f6 25. Rd2 Kf7 26. Kd1 R2c6 27. Raa2 Rc1+ 28. Ke2 Ke6 29. Rab2 b6 30. f3 h5 31. Rd1 h4 32. Rxc1 Rxc1 33. Kd2 Rf1 34. Kc3 Nc5 35. Re2 Rc1+ 1/2-1/2

[Event "FICGS rapid C 000047 email"]
[Site "FICGS email"]
[Date "2008.03.26"]
[Round "1"]
[White "Kepinski, Janusz"]
[Black "Webster, David"]
[Result "0-1"]
[WhiteElo "1575"]
[BlackElo "1671"]
[PlyCount "50"]
[EventDate "2008.??.??"]
[EventType "tourn (rapid)"]
[EventRounds "4"]
[SourceTitle "Corr 2022"]
[Source "ChessBase"]
[SourceDate "2021.10.24"]
[SourceVersion "1"]
[SourceVersionDate "2021.10.24"]
[SourceQuality "1"]

1. Nf3 d5 2. e3 Nf6 3. c4 e6 4. a3 Bd6 5. Qc2 0-0 6. Be2 dxc4 7. Bxc4 Nbd7 8. 0-0 b6 9. Nc3 Bb7 10. d4 Bxf3 11. gxf3 c5 12. Nb5 Bxh2+ 13. Kxh2 a6 14. dxc5 axb5 15. Bxb5 Nxc5 16. b4 Qd5 17. bxc5 Rac8 18. Rd1 Qh5+ 19. Kg2 Rxc5 20. Qd3 Rg5+ 21. Kf1 Rd5 22. Qc2 Rxb5 23. Qc6 Rc5 24. Qxb6 Ne4 25. Bb2 Qxf3 0-1

[Event "FICGS rapid C 000047 email"]
[Site "FICGS email"]
[Date "2008.03.26"]
[Round "1"]
[White "Webster, David"]
[Black "Gouldar, Frances"]
[Result "1-0"]
[WhiteElo "1671"]
[BlackElo "1659"]
[PlyCount "47"]
[EventDate "2008.??.??"]
[EventType "tourn (rapid)"]
[EventRounds "4"]
[SourceTitle "Corr 2022"]
[Source "ChessBase"]
[SourceDate "2021.10.24"]
[SourceVersion "1"]
[SourceVersionDate "2021.10.24"]
[SourceQuality "1"]

1. d4 d5 2. c4 e6 3. Nf3 Nf6 4. g3 Bb4+ 5. Bd2 Bxd2+ 6. Nbxd2 0-0 7. Bg2 Nc6 8. 0-0 Re8 9. Re1 dxc4 10. Nxc4 b6 11. Nfe5 Nxe5 12. dxe5 Nd5 13. Qb3 Bb7 14. Rad1 Qc8 15. Rd3 Ne7 16. Bxb7 Qxb7 17. Red1 Nc6 18. Rd7 Rad8 19. Nd6 Qb8 20. Nxe8 Rxe8 21. Qb5 Na5 22. Rc1 c6 23. Qa6 Qxe5 24. Rcd1 1-0

[Event "FICGS theme 0000 email"]
[Site "FICGS email"]
[Date "2008.03.03"]
[Round "1"]
[White "Webster, David"]
[Black "D Ettorre, Rodolfo"]
[Result "0-1"]
[WhiteElo "1671"]
[BlackElo "1690"]
[PlyCount "36"]
[EventDate "2008.??.??"]
[EventType "swiss (corr)"]
[EventRounds "1"]
[SourceTitle "Corr 2022"]
[Source "ChessBase"]
[SourceDate "2021.10.24"]
[SourceVersion "1"]
[SourceVersionDate "2021.10.24"]
[SourceQuality "1"]

1. e4 c6 2. d4 d5 3. exd5 cxd5 4. c4 Nf6 5. c5 e5 6. dxe5 Ne4 7. Qd4 Bxc5 8. Bb5+ Nc6 9. Bxc6+ bxc6 10. Qa4 Bxf2+ 11. Kd1 Bb6 12. Ke1 Nf2 13. Qxc6+ Bd7 14. Qxd5 Nxh1 15. g3 Bf2+ 16. Kf1 Bh3+ 17. Nxh3 Qxd5 18. Nxf2 Qf3 0-1

[Event "FICGS theme 0000 email"]
[Site "FICGS email"]
[Date "2008.02.28"]
[Round "1"]
[White "Paulesu, Sebastiano"]
[Black "Webster, David"]
[Result "1-0"]
[WhiteElo "2067"]
[BlackElo "1500"]
[PlyCount "35"]
[EventDate "2008.??.??"]
[EventType "swiss (corr)"]
[EventRounds "1"]
[SourceTitle "Corr 2022"]
[Source "ChessBase"]
[SourceDate "2021.10.24"]
[SourceVersion "1"]
[SourceVersionDate "2021.10.24"]
[SourceQuality "1"]

1. e4 d5 2. exd5 Nf6 3. c4 e6 4. d4 exd5 5. Nc3 Bb4 6. Bd3 0-0 7. Nf3 Nc6 8. 0-0 Bg4 9. Be3 a6 10. a3 Bxc3 11. bxc3 h6 12. Re1 dxc4 13. Bxc4 Ne4 14. Rc1 b5 15. Be2 Qd6 16. c4 Qxa3 17. cxb5 Nc3 18. Rxc3 1-0

[Event "FICGS theme 0000 email"]
[Site "FICGS email"]
[Date "2008.02.28"]
[Round "1"]
[White "Webster, David"]
[Black "Denchev, Stanimir"]
[Result "0-1"]
[WhiteElo "1500"]
[BlackElo "1595"]
[PlyCount "44"]
[EventDate "2008.??.??"]
[EventType "swiss (corr)"]
[EventRounds "1"]
[SourceTitle "Corr 2022"]
[Source "ChessBase"]
[SourceDate "2021.10.24"]
[SourceVersion "1"]
[SourceVersionDate "2021.10.24"]
[SourceQuality "1"]

1. e4 d5 2. exd5 Nf6 3. c4 e6 4. dxe6 Bxe6 5. Nf3 Nc6 6. d4 Bb4+ 7. Nc3 Qe7 8. Be2 Bxc4 9. Bd2 0-0-0 10. 0-0 Bxe2 11. Nxe2 Bxd2 12. Qxd2 Rhe8 13. Rfe1 Qd6 14. Ng5 Ng4 15. Qf4 Qxf4 16. Nxf4 Rxe1+ 17. Rxe1 Rxd4 18. g3 Nge5 19. Kg2 h6 20. Nf3 Nxf3 21. Kxf3 g6 22. Re8+ Kd7 0-1

[Event "FICGS theme 0000 email"]
[Site "FICGS email"]
[Date "2008.02.28"]
[Round "1"]
[White "Webster, David"]
[Black "Tenorio, Elizabeth"]
[Result "0-1"]
[WhiteElo "1500"]
[BlackElo "1700"]
[PlyCount "24"]
[EventDate "2008.??.??"]
[EventType "swiss (corr)"]
[EventRounds "1"]
[SourceTitle "Corr 2022"]
[Source "ChessBase"]
[SourceDate "2021.10.24"]
[SourceVersion "1"]
[SourceVersionDate "2021.10.24"]
[SourceQuality "1"]

1. e4 d5 2. exd5 Nf6 3. c4 e6 4. d4 c6 5. dxe6 Bxe6 6. Nf3 Be7 7. Nc3 0-0 8. Qb3 b6 9. g3 Nbd7 10. Bg2 h6 11. a4 Re8 12. Ne5 Nxe5 0-1

[Event "FICGS theme 0000 email"]
[Site "FICGS email"]
[Date "2008.02.18"]
[Round "1"]
[White "Hess, Volker"]
[Black "Webster, David"]
[Result "0-1"]
[WhiteElo "1319"]
[BlackElo "1500"]
[PlyCount "56"]
[EventDate "2008.??.??"]
[EventType "swiss (corr)"]
[EventRounds "1"]
[SourceTitle "Corr 2022"]
[Source "ChessBase"]
[SourceDate "2021.10.24"]
[SourceVersion "1"]
[SourceVersionDate "2021.10.24"]
[SourceQuality "1"]

1. e4 d5 2. exd5 Nf6 3. c4 e6 4. Nc3 exd5 5. cxd5 Nxd5 6. Nf3 Nc6 7. Bb5 Qe7+ 8. Qe2 Qxe2+ 9. Nxe2 Bg4 10. Ne5 Ndb4 11. Bxc6+ bxc6 12. Nd4 Bc5 13. Nexc6 0-0 14. Nxb4 Bxd4 15. 0-0 c5 16. Nd3 Be2 17. Nf4 Bxf1 18. Kxf1 Be5 19. d3 Rad8 20. Ke2 Rfe8 21. Kf3 Bxf4 22. Bxf4 Rxd3+ 23. Be3 c4 24. Rc1 Rc8 25. b3 c3 26. Ke4 Rd7 27. Bd4 c2 28. Kd3 h5 0-1

[Event "FICGS theme 0000 email"]
[Site "FICGS email"]
[Date "2008.02.18"]
[Round "1"]
[White "Kalinin, Valery"]
[Black "Webster, David"]
[Result "1-0"]
[WhiteElo "1800"]
[BlackElo "1500"]
[PlyCount "29"]
[EventDate "2008.??.??"]
[EventType "swiss (corr)"]
[EventRounds "1"]
[SourceTitle "Corr 2022"]
[Source "ChessBase"]
[SourceDate "2021.10.24"]
[SourceVersion "1"]
[SourceVersionDate "2021.10.24"]
[SourceQuality "1"]

1. e4 d5 2. exd5 Nf6 3. c4 e6 4. dxe6 Bxe6 5. Nf3 Bc5 6. d4 Bb4+ 7. Nc3 Qe7 8. Be3 Ng4 9. Bd3 Nd7 10. 0-0 Nxe3 11. fxe3 Bg4 12. Nd5 Qd6 13. Qb3 a5 14. Ng5 f6 15. c5 1-0

[Event "FICGS theme 0000 email"]
[Site "FICGS email"]
[Date "2008.02.09"]
[Round "1"]
[White "Inving, Yugi"]
[Black "Webster, David"]
[Result "1-0"]
[WhiteElo "914"]
[BlackElo "1500"]
[PlyCount "53"]
[EventDate "2008.??.??"]
[EventType "swiss (corr)"]
[EventRounds "1"]
[SourceTitle "Corr 2022"]
[Source "ChessBase"]
[SourceDate "2021.10.24"]
[SourceVersion "1"]
[SourceVersionDate "2021.10.24"]
[SourceQuality "1"]

1. e4 e5 2. f4 exf4 3. Bc4 Nf6 4. Nc3 c6 5. Qf3 d5 6. exd5 Bd6 7. Qe2+ Qe7 8. d3 Qxe2+ 9. Ngxe2 0-0 10. dxc6 Nxc6 11. Bxf4 Bxf4 12. Nxf4 Nd4 13. 0-0-0 Ng4 14. Rde1 Bd7 15. h3 Nf6 16. Nfd5 Nxd5 17. Bxd5 Bc6 18. Re4 Bxd5 19. Nxd5 Nf5 20. Rhe1 Ng3 21. Ne7+ Kh8 22. R4e3 Nh5 23. Nd5 Rad8 24. c4 b5 25. Re7 bxc4 26. dxc4 Rc8 27. b3 1-0

[Event "FICGS theme 0000 email"]
[Site "FICGS email"]
[Date "2008.02.09"]
[Round "1"]
[White "Van der Kemp, Michel"]
[Black "Webster, David"]
[Result "1-0"]
[WhiteElo "1800"]
[BlackElo "1500"]
[PlyCount "37"]
[EventDate "2008.??.??"]
[EventType "swiss (corr)"]
[EventRounds "1"]
[SourceTitle "Corr 2022"]
[Source "ChessBase"]
[SourceDate "2021.10.24"]
[SourceVersion "1"]
[SourceVersionDate "2021.10.24"]
[SourceQuality "1"]

1. e4 e5 2. f4 exf4 3. Nc3 Qh4+ 4. Ke2 Nf6 5. Nf3 Qh6 6. d4 Bb4 7. e5 Nh5 8. Kf2 Bxc3 9. bxc3 Ng3 10. hxg3 Qxh1 11. Bxf4 h6 12. g4 Nc6 13. Qd2 0-0 14. d5 Ne7 15. Re1 d6 16. Bc4 Bxg4 17. Rxh1 dxe5 18. Bxh6 gxh6 19. Qxh6 1-0

[Event "FICGS theme 0000 email"]
[Site "FICGS email"]
[Date "2008.02.09"]
[Round "1"]
[White "Webster, David"]
[Black "Kalinin, Valery"]
[Result "0-1"]
[WhiteElo "1500"]
[BlackElo "1800"]
[PlyCount "30"]
[EventDate "2008.??.??"]
[EventType "swiss (corr)"]
[EventRounds "1"]
[SourceTitle "Corr 2022"]
[Source "ChessBase"]
[SourceDate "2021.10.24"]
[SourceVersion "1"]
[SourceVersionDate "2021.10.24"]
[SourceQuality "1"]

1. e4 e5 2. f4 exf4 3. Bc4 Qh4+ 4. Ke2 Ne7 5. Nf3 Qh5 6. d4 d5 7. exd5 Nxd5 8. Bxd5 Qxd5 9. Nc3 Qf5 10. Re1 Bd6 11. Kf1+ Kf8 12. Qe2 Be6 13. Nb5 Nc6 14. Nxd6 cxd6 15. Kg1 g5 0-1

[Event "FICGS theme 0000 email"]
[Site "FICGS email"]
[Date "2008.02.09"]
[Round "1"]
[White "Webster, David"]
[Black "Serd, Than"]
[Result "0-1"]
[WhiteElo "1500"]
[BlackElo "1355"]
[PlyCount "50"]
[EventDate "2008.??.??"]
[EventType "swiss (corr)"]
[EventRounds "1"]
[SourceTitle "Corr 2022"]
[Source "ChessBase"]
[SourceDate "2021.10.24"]
[SourceVersion "1"]
[SourceVersionDate "2021.10.24"]
[SourceQuality "1"]

1. e4 e5 2. f4 exf4 3. Nf3 b5 4. Bxb5 Nf6 5. e5 Ne4 6. d4 Bb7 7. 0-0 Be7 8. Bxf4 0-0 9. Qd3 c5 10. d5 Qb6 11. Be3 Qg6 12. Qb3 Ng5 13. d6 Nxf3+ 14. Rxf3 Bxf3 15. Bf1 Bh4 16. Nd2 Bc6 17. Nf3 Bxf3 18. Bxc5 Be4 19. g3 Bd8 20. Bd3 Bxd3 21. Qxd3 Qxd3 22. cxd3 Bb6 23. Bxb6 axb6 24. Rc1 Nc6 25. Re1 Rxa2 0-1